000 00640nam a2200241Ia 4500
003 OSt
005 20220924121316.0
006 a|||||r|||| 00| 0
007 ta
008 220923b |||||||| |||| 00| 0 urd d
020 _c2.50
024 _a314623
037 _cTextual
040 _aARTS
_cARTS
_burd
041 _2urd
_aurd
082 _aO168,1N1412x, L2
100 _aSayeed Shaheedi
_9185251
245 0 _aBarq-o-Aashiyaan
260 _aHyderabad
_bIdara-e-Adbiyat Urdu India
_c1972
650 _aURDU POETRY
942 _hO168,1N1412x, L2
_cTEXL
_2CC
999 _c406886
_d406886